[Event "Attica-ch U18"]
[Site "Iraklio"]
[Date "2013.12.26"]
[Round "3.4"]
[White "Petrogiannopoulos, Marinos"]
[Black "Stavropoulos, Konstantinos"]
[Result "1/2-1/2"]
[WhiteElo "1436"]
[BlackElo "1717"]
[PlyCount "103"]
[EventDate "2013.12.22"]
[EventType "swiss"]
[EventRounds "7"]
[EventCountry "GRE"]
[SourceTitle "EXT 2024"]
[Source "ChessBase"]
[SourceDate "2023.10.10"]
[SourceVersion "1"]
[SourceVersionDate "2023.10.10"]
[SourceQuality "1"]

1. e4 c5 2. Nf3 Nc6 3. d4 cxd4 4. Nxd4 e5 5. Nb3 Nf6 6. Bg5 Be7 7. Bxf6 Bxf6 8. Nc3 d6 9. Be2 0-0 10. 0-0 Be6 11. a3 Bg5 12. Nd5 f5 13. exf5 Bxf5 14. Bg4 g6 15. Bxf5 gxf5 16. c3 Ne7 17. Nxe7+ Qxe7 18. Qd5+ Kh8 19. Rfe1 Qc7 20. Nd2 Bxd2 21. Qxd2 Rad8 22. Qc2 d5 23. Qe2 Rfe8 24. Rad1 f4 25. Qb5 Qc6 26. Qxc6 bxc6 27. b4 a5 28. Kf1 axb4 29. axb4 Ra8 30. Ra1 e4 31. Ra5 Rxa5 32. bxa5 Ra8 33. Ra1 Kg7 34. Ke2 Kf6 35. g3 fxg3 36. hxg3 Ra6 37. Ke3 Ke5 38. f3 exf3 39. Kxf3 Kd6 40. Ke3 Kc5 41. Kd3 h5 42. Rh1 Rxa5 43. Rxh5 Ra4 44. Rh4 Ra1 45. Rf4 Rg1 46. Rf3 Rg2 47. Re3 Rf2 48. Re2 Rxe2 49. Kxe2 Kd6 50. Kd3 Ke5 51. Ke3 c5 52. g4 1/2-1/2